Bajo el bosque de leche : comedia para voces /

Bewaard in:
Bibliografische gegevens
Hoofdauteur: Thomas, Dylan (autor)
Andere auteurs: Ocampo, Victoria (traducción) (traducción), Paolera, Félix della (traducción) (traducción)
Formaat: Boek
Taal:Spaans
Gepubliceerd in: Buenos Aires, Argentina : Sur, 1959, c1959
Tags: Voeg label toe
Geen labels, Wees de eerste die dit record labelt!

MARC

LEADER 00000nam^a2200000^a^4500
001 000579654
005 20250521000000.0
009 20260310132534.258
037 |a Acervo ITESO - Biblioteca 
041 |a ESP 
091 |a FLG. 00635 
100 |a Thomas, Dylan  |e (autor) 
245 1 0 |a Bajo el bosque de leche :  |b comedia para voces / 
264 4 |a Buenos Aires, Argentina :  |b Sur,  |c 1959, c1959 
300 |a 123 p. 
336 |a texto  |b txt  |2 rdacontenido 
337 |a sin mediación  |b n  |2 rdamedio 
338 |a volumen  |b nc  |2 rdasoporte 
649 |a XX 
700 |a Ocampo, Victoria  |e (traducción) 
700 |a Paolera, Félix della  |e (traducción) 
910 |a Fondo Luis González de Alba 
920 |a Impresos - Libros 
930 |a Fondos Especiales 
940 |a Literatura 
905 |a 141 
901 |a 0500397276  |b IT2  |c ESP  |i D102962  |u 20250521 
902 |a https://opac.biblio.iteso.mx/vufind/Record/000579654